| 000 | 01635cam a2200385 a 4500 | ||
|---|---|---|---|
| 001 | EDZ0000104447 | ||
| 003 | StDuBDS | ||
| 005 | 20161031105129.0 | ||
| 006 | m||||||||d|||||||| | ||
| 007 | cr ||||||||||| | ||
| 008 | 121017s2013 caua fo| 001|0|eng|d | ||
| 020 |
_a9781452244112 (ebook) : _cNo price |
||
| 040 |
_aStDuBDS _beng _cStDuBDS _epn |
||
| 049 | _aAlfaisal Main Library | ||
| 050 | 0 |
_aHQ10 _b.K37 2013 |
|
| 082 | 0 | 4 |
_a306.8509 _223 |
| 100 | 1 | _aKarraker, Meg Wilkes. | |
| 245 | 1 | 0 |
_aGlobal families _h[electronic resource] / _cMeg Wilkes Karraker. |
| 250 | _a2nd ed. | ||
| 260 |
_aLos Angeles, Calif. ; _aLondon : _bSAGE, _cc2013. |
||
| 300 |
_a1 online resource (xv, 271 p.) : _bill. |
||
| 490 | 1 | _aContemporary family perspectives | |
| 520 | 8 | _a'Global Families' provides family scholars with a methodical introduction to the interdisciplinary field of globalization. It then examines the ways in which globalization impinges on families throughout the world in four major areas: demographic transitions, world-wide culture, international violence, and transnational employment. | |
| 521 | _aSpecialized. | ||
| 588 | _aDescription based on print version record. | ||
| 504 | _aIncludes bibliographical references and index. | ||
| 650 | 0 |
_aFamilies _vCross-cultural studies. |
|
| 650 | 0 |
_aGlobalization _xSocial aspects. |
|
| 655 | 7 |
_aElectronic books. _2local |
|
| 710 | 2 | _aSage eBooks | |
| 776 | 0 | 8 |
_iPrint version : _z9781412998635 |
| 830 | 0 | _aContemporary family perspectives. | |
| 856 | 4 | 0 | _uhttp://ezproxy.alfaisal.edu/login?url=http://sk.sagepub.com/books/global-families-2e |
| 942 |
_2lcc _cEBOOKS |
||
| 999 |
_c479967 _d479967 |
||